| 000 | 01095cam a2200349 i 4500 | ||
|---|---|---|---|
| 001 | 000662 | ||
| 003 | DO-SdBNP | ||
| 005 | 20180208123751.0 | ||
| 007 | 000662 | ||
| 008 | 161108b 1998 mx a ||||| |||| 00| 0 spa d | ||
| 015 | _a | ||
| 017 |
_a _b |
||
| 020 | _a9681907868 | ||
| 035 | _a | ||
| 040 |
_aBPMSU _bspa _cBPMSU _e |
||
| 080 | 4 | _a | |
| 100 | 1 | _aFleischman, Sid | |
| 240 | 1 |
_aMcBroom`s wonderful one-acre farm. _lEspañol |
|
| 245 | 1 | 0 |
_aLa maravillosa granja de Mc. Broom / _cSid Fleishman ; ilustraciones de Quentin Blake ; traducción Rosa Aguilar. _h |
| 260 |
_aMéxico : _bAlfaguara, _c2000. |
||
| 300 |
_a90 p. : _bil. ; _c20 cm. |
||
| 490 | 1 | _aAlfaguara infantil | |
| 500 | _aPara niños a partir de los 10 años. | ||
| 500 | _aIncluye datos del autor en la solapa de la contracubierta. | ||
| 521 | _aA partir de los 10 años. | ||
| 700 | 1 | 2 |
_aAguilar, Rosa, _etr. |
| 700 | 1 | 2 |
_aBlake, Quentin _eil. |
| 830 | 0 | _aAlfaguara infantil | |
| 942 |
_2ddc _cBK |
||
| 945 | _aInventariado, 2018/MFF | ||
| 956 |
_aLOPEREZ _810 _cBPMSU _220161108 _300041 |
||
| 999 |
_c11855 _d11855 |
||